| 000 | 00736nam a22002417a 4500 | ||
|---|---|---|---|
| 003 | OSt | ||
| 005 | 20220107122824.0 | ||
| 008 | 170411b xxu||||| |||| 00| 0 eng d | ||
| 020 | _a9780262029810 | ||
| 040 | _cIIITMK | ||
| 082 | _aR 001 MAL/H | ||
| 100 |
_aMalone, Thomas W. (Eds.) _911551 |
||
| 245 |
_aHandbook of collective intelligence _cThomas W. Malone and Michael S. Bernstein |
||
| 260 |
_aCambridge, _bThe MIT Press, _c2015. |
||
| 300 | _aviii, 219p. | ||
| 650 |
_aCOMPUTER SCIENCE _911552 |
||
| 650 |
_aARTIFICIAL INTELLIGENCE _911553 |
||
| 650 |
_aCOGNITIVE SCIENCE _911554 |
||
| 650 |
_aCOLLECTIVE INTELLIGENCE _912041 |
||
| 650 |
_aINTELLIGENCE _912042 |
||
| 700 |
_aBernstein, Michael S. _911555 |
||
| 942 |
_2ddc _cBK |
||
| 999 |
_c5572 _d5572 |
||